<?xml version="1.0" encoding="UTF-8"?>
<record
    xmlns:xsi="http://www.w3.org/2001/XMLSchema-instance"
    xsi:schemaLocation="http://www.loc.gov/MARC21/slim http://www.loc.gov/standards/marcxml/schema/MARC21slim.xsd"
    xmlns="http://www.loc.gov/MARC21/slim">

  <leader>00313nam a22001217a 4500</leader>
  <datafield tag="040" ind1=" " ind2=" ">
    <subfield code="c">HS</subfield>
  </datafield>
  <datafield tag="082" ind1=" " ind2=" ">
    <subfield code="a">169</subfield>
  </datafield>
  <datafield tag="110" ind1=" " ind2=" ">
    <subfield code="a">CENTRE FOR DEVELOPMENT AND ENVIRONMENT(CDE) </subfield>
  </datafield>
  <datafield tag="245" ind1=" " ind2=" ">
    <subfield code="a">The WSC map users guide</subfield>
  </datafield>
  <datafield tag="260" ind1=" " ind2=" ">
    <subfield code="a">Switzerland</subfield>
    <subfield code="b">Centre for development and environment (CDE)</subfield>
    <subfield code="c">1997</subfield>
  </datafield>
  <datafield tag="300" ind1=" " ind2=" ">
    <subfield code="a">78p;</subfield>
  </datafield>
  <datafield tag="942" ind1=" " ind2=" ">
    <subfield code="c">EK</subfield>
  </datafield>
  <datafield tag="999" ind1=" " ind2=" ">
    <subfield code="c">8842</subfield>
    <subfield code="d">8842</subfield>
  </datafield>
  <datafield tag="952" ind1=" " ind2=" ">
    <subfield code="0">0</subfield>
    <subfield code="1">0</subfield>
    <subfield code="4">0</subfield>
    <subfield code="6">1698_000000000000000_CDE_1997</subfield>
    <subfield code="7">0</subfield>
    <subfield code="9">49809</subfield>
    <subfield code="a">LBC</subfield>
    <subfield code="b">LBC</subfield>
    <subfield code="d">2016-08-16</subfield>
    <subfield code="o">1698 CDE 1997</subfield>
    <subfield code="p">RUA045830</subfield>
    <subfield code="r">2016-08-16</subfield>
    <subfield code="w">2016-08-16</subfield>
    <subfield code="y">EK</subfield>
  </datafield>
  <datafield tag="952" ind1=" " ind2=" ">
    <subfield code="0">0</subfield>
    <subfield code="1">0</subfield>
    <subfield code="4">0</subfield>
    <subfield code="6">1698_000000000000000_CDE_1997</subfield>
    <subfield code="7">0</subfield>
    <subfield code="9">49810</subfield>
    <subfield code="a">LBC</subfield>
    <subfield code="b">LBC</subfield>
    <subfield code="d">2016-08-16</subfield>
    <subfield code="o">1698 CDE 1997</subfield>
    <subfield code="p">RUA045444</subfield>
    <subfield code="r">2016-08-16</subfield>
    <subfield code="w">2016-08-16</subfield>
    <subfield code="y">EK</subfield>
  </datafield>
  <datafield tag="952" ind1=" " ind2=" ">
    <subfield code="0">0</subfield>
    <subfield code="1">0</subfield>
    <subfield code="4">0</subfield>
    <subfield code="6">169_000000000000000_CDE_1997_C022</subfield>
    <subfield code="7">0</subfield>
    <subfield code="9">51226</subfield>
    <subfield code="a">LBC</subfield>
    <subfield code="b">LBC</subfield>
    <subfield code="c">C022</subfield>
    <subfield code="d">2016-08-31</subfield>
    <subfield code="o">169 CDE 1997 C022 </subfield>
    <subfield code="p">RUA062011</subfield>
    <subfield code="r">2016-09-27</subfield>
    <subfield code="y">EK</subfield>
  </datafield>
  <datafield tag="952" ind1=" " ind2=" ">
    <subfield code="0">0</subfield>
    <subfield code="1">0</subfield>
    <subfield code="4">0</subfield>
    <subfield code="6">169_000000000000000_CDE_1997_C022</subfield>
    <subfield code="7">0</subfield>
    <subfield code="9">51229</subfield>
    <subfield code="a">LBC</subfield>
    <subfield code="b">LBC</subfield>
    <subfield code="c">C022</subfield>
    <subfield code="d">2016-08-31</subfield>
    <subfield code="o">169 CDE 1997 C022 </subfield>
    <subfield code="p">RUA062465</subfield>
    <subfield code="r">2016-09-27</subfield>
    <subfield code="y">EK</subfield>
  </datafield>
</record>
